Gala Final OT2025 - Estadísticas

Estadísticas generales
  • Esta prueba ha sido intentada 26 veces
  • La puntuación promedio es 5 de 9
Estadísticas de respuestas
Imagen Hint Respuesta % Correcto
Cristina La noia
96%
Claudia Arenas Vivir así es morir de amor
79%
Grupal Marta, Sebas, Guille y los demás
75%
Olivia Break free
71%
Guille Toledano Haz lo que quieras conmigo
71%
Tinho Lose control
63%
Cristina My baby just cares for me
38%
Tinho Hold the line
33%
Olivia It's all coming back to me now
21%
No se encontraron pruebas coincidentes
Distribución de puntuación
Porcentaje de gente con cada puntuación
Porcentaje por número respondido
Historial de tus puntuaciones
No has intentado esta prueba.